Sociedad civil y nuevos movimientos sociales en Centroamérica: de cara a los dilemas y desafíos del ALCA /
Uloženo v:
| Hlavní autor: | |
|---|---|
| Médium: | Text |
| Témata: | |
| Tagy: |
Přidat tag
Žádné tagy, Buďte první, kdo vytvoří štítek k tomuto záznamu!
|
MARC
| LEADER | 00000 a a2200000 04500 | ||
|---|---|---|---|
| 001 | 4388 | ||
| 003 | |||
| 040 | |||
| 100 | |a Otazo Conde, Rubén | ||
| 245 | |a Sociedad civil y nuevos movimientos sociales en Centroamérica: |b de cara a los dilemas y desafíos del ALCA / |c Rubén Otazo Conde | ||
| 650 | |a ALCA | ||
| 650 | |a MOVIMIENTOS SOCIALES | ||
| 650 | |a INTEGRACION ECONOMICA | ||
| 650 | |a PRIVATIZACION | ||
| 650 | |a CONSECUENCIAS SOCIALES | ||
| 773 | |g número 28; páginas 127-148 | ||
| 999 | |c 26137 |d 26137 | ||
